000 01148nam2a2200277 4500
001 v19\rc\2051546
005 20230503171244.0
035 _a(NLR Aleph) 005130106
090 _a4700529
_c4700529
100 _a20081111d1907 u y0rusy50 ca
101 0 _arus
102 _aRU
105 _ay z |||a|
200 0 _aТ. 3
210 _d1907
215 _a[4], 275 с.
327 1 _aСодерж.: Трус; Мирное житие; Корь; Жидовка; Конокрады; Штабс-капитан Рыбников; Обида; Река жизни; мелкие рассказы
461 0 _1001v19\rc\2051545
_12001#$a[Сочинения]$fА. Куприн$vТ. 3
_1700#1$aКуприн$bА. И.$f1870-1938$gАлександр Иванович
_94700520
_aКуприн, А. И. (писатель ; 1870-1938)
_cСанкт-Петербург
_d1907
_fА. Куприн
_nМир божий
_t[Сочинения]
_vТ. 3
540 1 _aТрус
801 0 _aRU
_bNLR
_gpsbo
801 1 _aRU
_bProSoft-M
_2rusmarc
852 _aNLR
_j37.46.5.93(3)
852 _aNLR
_j130/5277(3)
942 _cBOOK
980 _aNB